00987nam a22002657a 4500003001100000005001700011008004100028020001500069040003900084041000800123082001500131245006000146260003600206300005900242650005500301650007300356650004300429650004600472650004100518700002800559700002300587942000700610952008900617999001500706LK-CoMWRAF20231030105629.0230923b1995 |||||||| |||| 00| 0 eng d a0813388945 aLK-CoMWRAFdLK-CoMWRAFeLK-CoMWRAF aeng a338.6bWOM aWomen in micro- and small-scale enterprise development  aLondon:bIT publications,c1995 aviii, 282 p. ; 24 cm.bBibliography and index included aBUSINESSWOMEN-Developing countries -- Case studies a WOMEN-OWNED BUSINESS ENTERPRISES- Developing countries-Case studies aSmall business -- Developing countries aEntrepreneurship -- Developing countries  aWomen in development -- Case studies a Dignard, Louise, eed. aHavet, Joséeed. cBK 00104070aMAINbMAINd2023-09-23l0o338.6 WOMpRAF774r2023-09-23w2023-09-23yBK c3633d3633